000 00507nam a2200181Ia 4500
003 GCL
008 140319s9999 xx 000 0 eng d
040 _aGCL /
_cGCL
082 0 4 _a005.1
_bS P
100 1 _aSPRANKLE, MAUREEN
245 1 0 _aPROBLEM SOBING AND PROGRAMMING COMCEPTS /
_cSPRANKLE, MAUREEN
260 _a[S.N] :
_bMACMILLAN PUBLISHING COMPANY ،
_c1992
300 _a395 P
650 0 4 _aPROGRAMMING
650 0 4 _aELECTRONIC DIGITAL COMPUTERS
650 0 4 _aPROBLEM SOLVING
942 _2ddc
_cBK
999 _c22856
_d22856